House of X ; Powers of X /

Mutants are the future, and the future begins now! House of X and Powers of X intertwine to reveal the secret past, present, future, and far future of Mutantkind! It all starts when Charles Xavier reveals his new masterplan for Mutantkind, one that will bring mutants out of the shadow of humanity an...

Full description

Bibliographic Details
Main Author: Hickman, Jonathan (Author)
Other Authors: Gracia, Martegod (Colorist), Curiel, David (Colorist) (Colorist), Benedetto, Adriano di, 1985- (inker.), Cowles, Clayton (letterer.)
Format: Book
Language:English
Published: New York, NY : Marvel Worldwide, Inc., a subsidiary of Marvel Entertainment, LLC, [2019]
Subjects:

MARC

Tag First Indicator Second Indicator Subfields
LEADER 00000cam a2200000Ii 4500
001 in00004103845
005 20210511145649.0
008 190802s2019 nyua 6 000 f eng d
035 |a (OCoLC)on1122871043 
040 |a UKMGB  |b eng  |e rda  |c UKMGB  |d OCLCO  |d OCLCF  |d ORX  |d UIU  |d OCLCO  |d NZAUC  |d ZCU  |d OQX  |d IZ2  |d UIU  |d VI#  |d DVR 
015 |a GBB9G7023  |2 bnb 
016 7 |a 019568524  |2 Uk 
019 |a 1132388021 
020 |a 9781302915704  |q (hardback) 
020 |a 1302915703  |q (hardback) 
035 |a (OCoLC)1122871043  |z (OCoLC)1132388021 
050 4 |a PN6720.X64  |b H56 2019 
082 0 4 |a 741.5/973  |2 23 
049 |a TXAM 
090 |a PN6728.X2  |b H56 2019 
100 1 |a Hickman, Jonathan,  |e author. 
245 1 0 |a House of X ;  |b Powers of X /  |c writer: Jonathan Hickman ; letterer: VC's Clayton Cowles. 
246 3 0 |a Powers of X 
264 1 |a New York, NY :  |b Marvel Worldwide, Inc., a subsidiary of Marvel Entertainment, LLC,  |c [2019] 
264 4 |c ©2019 
300 |a 1 volume (unpaged) :  |b illustrations (chiefly color) ;  |c 29 cm 
336 |a text  |b txt  |2 rdacontent 
336 |a still image  |b sti  |2 rdacontent 
337 |a unmediated  |b n  |2 rdamedia 
338 |a volume  |b nc  |2 rdacarrier 
500 |a "Contains material originally published in magazine form as Powers of X (2019) #1-6 and House of X (2019) #1-6"--Title page verso. 
500 |a "X-Men created by Stan Lee & Jack Kirby." 
500 |a "House of X and Powers of X: two series that are one!"--Inside jacket flap. 
520 |a Mutants are the future, and the future begins now! House of X and Powers of X intertwine to reveal the secret past, present, future, and far future of Mutantkind! It all starts when Charles Xavier reveals his new masterplan for Mutantkind, one that will bring mutants out of the shadow of humanity and into the light.. 
521 |a Rated: T+. 
505 0 0 |t House of X /  |r artist: Pepe Larraz ; color artists: Marte Gracia with David Curiel (#6) --  |t Powers of X /  |r pencilers: R.B. Silva with Pepe Larraz (#6) ; inkers: R.B. Silva with Adriano Di Benedetto (#1-2) ; color artists: Marte Garcia with David Curiel (#6). 
650 0 |a X-Men (Fictitious characters)  |v Comic books, strips, etc. 
650 0 |a Mutation (Biology)  |v Comic books, strips, etc. 
650 0 |a Superheroes  |v Comic books, strips, etc. 
650 7 |a X-Men (Fictitious characters)  |2 fast  |0 (OCoLC)fst01181809 
655 0 |a Science fiction comic books, strips, etc. 
655 7 |a Science fiction comic books, strips, etc.  |2 fast 
655 7 |a Superhero comics.  |2 lcgft 
655 7 |a Science fiction comics.  |2 lcgft 
655 7 |a Graphic novels.  |2 lcgft 
655 7 |a Comics (Graphic works)  |2 lcgft 
700 1 |a Larraz, Pepe,  |d 1981-  |e artist. 
700 1 |a Silva, R. B.,  |d 1985-  |e artist. 
700 1 |a Gracia, Martegod,  |e colorist. 
700 1 |a Curiel, David  |c (Colorist),  |e colorist. 
700 1 |a Benedetto, Adriano di,  |d 1985-  |e inker. 
700 1 |a Cowles, Clayton,  |e letterer. 
730 0 |a X-men (Comic strip) 
948 |a cataloged  |b h  |c 2020/2/27  |d c  |e ceaton  |f 1:34:11 pm 
994 |a C0  |b TXA 
999 f f |s c26cca75-5db2-301b-811c-2eecfc200977  |i 24f581b1-5d8b-30c6-9223-77ebaf108766  |t 0 
952 f f |p normal  |a Texas A&M University  |b College Station  |c Sterling C. Evans Library  |s Evans stk  |d Evans: Library Stacks  |t 0  |e PN6728.X2 H56 2019  |h Library of Congress classification  |i unmediated -- volume  |m A14851027129 
998 f f |a PN6728.X2 H56 2019  |t 0  |l Evans: Library Stacks